| 000 | 00676nam a22002297a 4500 | ||
|---|---|---|---|
| 005 | 20170124110237.0 | ||
| 010 | _a842933 | ||
| 020 |
_c00.00 _a361032617 |
||
| 035 | _a842933 | ||
| 037 | _bCen Lib/Ret | ||
| 040 |
_aDPL _bEN |
||
| 082 |
_a910 _bTUN |
||
| 100 |
_aTunney, C.J. _942183 |
||
| 245 |
_aConcise encyclopaedia of Geography / _cby C.J.Tunney |
||
| 260 |
_bPurnell Books _c1976 _aBerkshire |
||
| 270 |
_bBerkshire _aBerkshire House, Queen Street, Maidenhead |
||
| 300 |
_a255p. : _c28cm(Hb) _bcol.ill. |
||
| 500 | _aIncludes index | ||
| 650 |
_aGeography _942184 |
||
| 650 |
_aEncyclopaedia -- Geography _942185 |
||
| 942 |
_2ddc _cEN _h910 _mTUN |
||
| 999 |
_c134928 _d134928 |
||